AH International Schools' Libraries

Judy Moody : and the not bummer summer / (Record no. 50052)

MARC details
000 -LEADER
fixed length control field 00376nam a2200121 4500
020 ## - INTERNATIONAL STANDARD BOOK NUMBER
International Standard Book Number 9780763657109
100 ## - MAIN ENTRY--PERSONAL NAME
Personal name McDonald, Megan,
Relator term author.
9 (RLIN) 28176
245 ## - TITLE STATEMENT
Title Judy Moody : and the not bummer summer /
Statement of responsibility, etc by Megan McDonald.
260 ## - PUBLICATION, DISTRIBUTION, ETC. (IMPRINT)
Name of publisher, distributor, etc Candlewick:
Date of publication, distribution, etc April 10, 2012
300 ## - PHYSICAL DESCRIPTION
Extent 208 pages.
Dimensions 5.5 x 0.5 x 7.38 inches.
490 ## - SERIES STATEMENT
Series statement Judy Moody
Volume number/sequential designation Book 10 of 15
942 ## - ADDED ENTRY ELEMENTS (KOHA)
Source of classification or shelving scheme
Koha item type Book
Holdings
Withdrawn status Lost status Source of classification or shelving scheme Damaged status Not for loan Home library Current library Date acquired Total Checkouts Full call number Barcode Date last seen Date checked out Price effective from Koha item type
          Logos International School Logos International School 01/13/2026 1 J FIC MCD 040800 04/01/2026 03/05/2026 01/13/2026 Book

For any Logos Library related questions please contact Miss Art at swongnarasuk@asianhope.org.

For any Asian Hope Library related questions please contact Miss Raza at graza@asianhope.org.

Click here to explore our ebooks!

Powered by Koha